[Event "CZE-chT2A 1516"]
[Site "Czech Republic"]
[Date "2015.11.08"]
[Round "2.6"]
[White "Kracik, Dobroslav"]
[Black "Havlik, Jindrich"]
[Result "0-1"]
[WhiteElo "1954"]
[BlackElo "2081"]
[PlyCount "92"]
[EventDate "2015.10.18"]
[EventType "team-tourn"]
[EventRounds "11"]
[EventCountry "CZE"]
[SourceTitle "EXT 2022"]
[Source "ChessBase"]
[SourceDate "2021.10.06"]
[SourceVersion "1"]
[SourceVersionDate "2021.10.06"]
[SourceQuality "1"]
[WhiteTeam "Line"]
[BlackTeam "Klatovy"]
[WhiteTeamCountry "CZE"]
[BlackTeamCountry "CZE"]

1. e4 e6 2. d4 d5 3. exd5 exd5 4. c4 Nf6 5. Nf3 Be7 6. Nc3 0-0 7. Be2 dxc4 8. Bxc4 Bg4 9. Be3 Nc6 10. d5 Ne5 11. Be2 Nxf3+ 12. Bxf3 Bxf3 13. Qxf3 Bb4 14. Rd1 Qd7 15. 0-0 Rfe8 16. a3 Bd6 17. h3 Re5 18. Bd4 Rf5 19. Qd3 Nxd5 20. Nxd5 Rxd5 21. Qe4 Rd8 22. Bc3 Rxd1 23. Rxd1 Bh2+ 24. Kxh2 Qxd1 25. Qxb7 Qd6+ 26. g3 Qc5 27. Qf3 f6 28. Bb4 Qe5 29. Qc3 Qd4 30. Qc5 h6 31. Qh5 Rd5 32. Qg4 Qxg4 33. hxg4 c5 34. Bc3 c4 35. Kg2 Kf7 36. Kf3 Ke6 37. Ke4 g6 38. Bb4 Rd3 39. Bc3 g5 40. Be1 h5 41. f3 Rd1 42. Bf2 Rd2 43. Bxa7 h4 44. gxh4 gxh4 45. f4 h3 46. f5+ Kf7 0-1

[Event "CZE-chT2A 1415"]
[Site "Czech Republic"]
[Date "2014.11.30"]
[Round "3.7"]
[White "Hurdzan, Tomas"]
[Black "Kracik, Dobroslav"]
[Result "1-0"]
[WhiteElo "1946"]
[BlackElo "2014"]
[PlyCount "83"]
[EventDate "2014.11.02"]
[EventType "team-tourn"]
[EventRounds "11"]
[EventCountry "CZE"]
[SourceTitle "EXT 2022"]
[Source "ChessBase"]
[SourceDate "2021.10.06"]
[SourceVersion "1"]
[SourceVersionDate "2021.10.06"]
[SourceQuality "1"]
[WhiteTeam "Klatovy"]
[BlackTeam "Line"]
[WhiteTeamCountry "CZE"]
[BlackTeamCountry "CZE"]

1. e4 c5 2. Nf3 d6 3. d4 cxd4 4. Qxd4 Nc6 5. Bb5 Bd7 6. Bxc6 Bxc6 7. Nc3 Nf6 8. Bg5 e5 9. Qd3 Qb6 10. Bxf6 gxf6 11. b3 0-0-0 12. 0-0 f5 13. exf5 Bg7 14. f6 Bh6 15. Nd5 Qc5 16. c4 Bxd5 17. cxd5 Kb8 18. Nd2 Rc8 19. Ne4 Qa3 20. Nd2 Rc7 21. Nc4 Qc5 22. Qh3 Bg5 23. Qf5 h6 24. Rad1 b5 25. Na5 Qc2 26. Qf3 Qc3 27. Nc6+ Rxc6 28. dxc6 Qxf3 29. gxf3 Kc7 30. Rd5 Kxc6 31. Rfd1 Rd8 32. Rxe5 Rg8 33. Rf5 Bd2+ 34. Kf1 Bb4 35. Rd4 Bc5 36. Rh4 Rg6 37. Rg4 Rxg4 38. fxg4 d5 39. Rh5 Bf8 40. f4 Kd6 41. g5 hxg5 42. Rh8 1-0

[Event "CZE-chT2A 1011"]
[Site "Czech Republic"]
[Date "2010.11.07"]
[Round "2"]
[White "Rodling, Robert"]
[Black "Kracik, Dobroslav"]
[Result "0-1"]
[WhiteElo "1842"]
[BlackElo "2076"]
[PlyCount "76"]
[EventDate "2010.10.17"]
[EventType "team-tourn"]
[EventRounds "11"]
[EventCountry "CZE"]
[SourceTitle "EXT 2012"]
[Source "ChessBase"]
[SourceDate "2011.11.24"]
[SourceVersion "1"]
[SourceVersionDate "2011.11.24"]
[SourceQuality "1"]
[WhiteTeam "Cesky Krumlov"]
[BlackTeam "Line"]
[WhiteTeamCountry "CZE"]
[BlackTeamCountry "CZE"]

1. d4 d5 2. c4 e6 3. Nf3 Nf6 4. Nc3 Be7 5. e3 0-0 6. Bd3 dxc4 7. Bxc4 c5 8. 0-0 Nc6 9. Bd3 cxd4 10. exd4 Nb4 11. Bf4 b6 12. a3 Nxd3 13. Qxd3 Bb7 14. Rfd1 Nd5 15. Bg3 Rc8 16. Rac1 Bg5 17. Nxg5 Qxg5 18. Qd2 Qxd2 19. Rxd2 Nxc3 20. Rxc3 Rxc3 21. bxc3 Rc8 22. Rc2 Bd5 23. f3 Kf8 24. Kf2 Ke7 25. Ke2 Rc4 26. Be1 Ra4 27. Bd2 Bc4+ 28. Ke3 Rxa3 29. Bc1 Ra1 30. Kd2 a5 31. Bb2 Rg1 32. Ba3+ Kd7 33. Ke3 a4 34. g4 Ra1 35. Bb2 Ra2 36. Rd2 a3 37. Bc1 Ra1 38. Rd1 a2 0-1

[Event "CZE-chT2A 0809"]
[Site "Czech Republic"]
[Date "2009.02.22"]
[Round "9.7"]
[White "Kracik, Dobroslav"]
[Black "Skut, Michal"]
[Result "0-1"]
[WhiteElo "2082"]
[BlackElo "1886"]
[PlyCount "74"]
[EventDate "2008.10.12"]
[EventType "team-tourn"]
[EventRounds "11"]
[EventCountry "CZE"]
[SourceTitle "EXT 2010"]
[Source "ChessBase"]
[SourceDate "2010.11.25"]
[SourceVersion "1"]
[SourceVersionDate "2010.11.25"]
[SourceQuality "1"]
[WhiteTeam "Kozolupy"]
[BlackTeam "Klatovy Sokol "]
[WhiteTeamCountry "CZE"]
[BlackTeamCountry "CZE"]

1. e4 c5 2. d4 cxd4 3. Nf3 Nc6 4. c3 Nf6 5. e5 Nd5 6. cxd4 d6 7. Bc4 Nb6 8. Bb5 dxe5 9. Nxe5 Bd7 10. Nc3 e6 11. 0-0 Bb4 12. Qg4 0-0 13. Bxc6 Bxc6 14. Bg5 Qc7 15. Bh6 f5 16. Qg3 Bd6 17. Rac1 a6 18. Bf4 Nc4 19. b3 Nxe5 20. dxe5 Ba3 21. Rcd1 Rad8 22. Bg5 Rc8 23. Ne2 Bb2 24. Bf6 Kh8 25. Nf4 gxf6 26. Nxe6 Qf7 27. Nxf8 Rxf8 28. Qe3 Rg8 29. f3 fxe5 30. Kh1 Bd4 31. Qd2 Qh5 32. Qb4 Qg5 33. Qd2 Be3 34. Qb2 Bd4 35. Qd2 Qxd2 36. Rxd2 Kg7 37. f4 Be3 0-1

[Event "CZE-chT2A 0809"]
[Site "Czech Republic"]
[Date "2008.10.12"]
[Round "1.7"]
[White "Turner, Radek"]
[Black "Kracik, Dobroslav"]
[Result "0-1"]
[WhiteElo "2117"]
[BlackElo "2082"]
[PlyCount "112"]
[EventDate "2008.10.12"]
[EventType "team-tourn"]
[EventRounds "11"]
[EventCountry "CZE"]
[SourceTitle "EXT 2010"]
[Source "ChessBase"]
[SourceDate "2010.11.25"]
[SourceVersion "1"]
[SourceVersionDate "2010.11.25"]
[SourceQuality "1"]
[WhiteTeam "Plzen Sokol II"]
[BlackTeam "Kozolupy"]
[WhiteTeamCountry "CZE"]
[BlackTeamCountry "CZE"]

1. c4 e6 2. g3 d5 3. Nf3 Nf6 4. b3 Bd6 5. Bb2 Nbd7 6. Bg2 0-0 7. 0-0 c6 8. d3 Qe7 9. Nbd2 e5 10. Ne1 Nb6 11. Nc2 Bg4 12. Ne3 Be6 13. d4 exd4 14. Bxd4 Bc5 15. Bxc5 Qxc5 16. cxd5 Nbxd5 17. Nxd5 Bxd5 18. e4 Be6 19. Rc1 Qd4 20. Nc4 Rfd8 21. Qxd4 Rxd4 22. Rfd1 Rad8 23. Rxd4 Rxd4 24. e5 Bxc4 25. bxc4 Nd7 26. f4 Kf8 27. Rc2 Ke7 28. Kf2 Nc5 29. Bf3 h6 30. Be2 g5 31. Ke3 Re4+ 32. Kf3 gxf4 33. gxf4 f6 34. Bd3 Re1 35. exf6+ Kxf6 36. Bh7 Ne6 37. Rb2 b6 38. f5 Ng5+ 39. Kf2 Rc1 40. Bg6 Rxc4 41. Re2 Nh3+ 42. Kf3 Nf4 43. Rd2 Nxg6 44. fxg6 Kxg6 45. Rd6+ Kg5 46. Rd2 Kf5 47. Ke3 a5 48. Rf2+ Ke5 49. Kd3 Rh4 50. Kc3 b5 51. Re2+ Kd5 52. Rf2 Rh3+ 53. Kb2 Kc5 54. Rc2+ Kb6 55. Rg2 b4 56. Kb1 Kb5 0-1

[Event "Tatry op"]
[Site "Tatranske Zruby"]
[Date "2008.09.30"]
[Round "5"]
[White "Ramik, Zdenek"]
[Black "Kracik, Dobroslav"]
[Result "1-0"]
[WhiteElo "2306"]
[BlackElo "2082"]
[PlyCount "49"]
[EventDate "2008.09.27"]
[EventType "swiss"]
[EventRounds "9"]
[EventCountry "SVK"]
[SourceTitle "CBM 126 Extra"]
[Source "ChessBase"]
[SourceDate "2008.11.05"]
[SourceVersion "1"]
[SourceVersionDate "2008.11.05"]
[SourceQuality "1"]

1. e4 c5 2. Nc3 Nc6 3. g3 g6 4. Bg2 Bg7 5. d3 e6 6. Be3 d6 7. Qd2 a6 8. Nf3 Qc7 9. 0-0 Nge7 10. Bh6 0-0 11. Bxg7 Kxg7 12. Ne1 b5 13. f4 Nd4 14. f5 f6 15. fxe6 Bxe6 16. e5 Rae8 17. exf6+ Rxf6 18. Rxf6 Kxf6 19. Qh6 Bg8 20. Ne4+ Ke6 21. Qg7 Ndf5 22. Bh3 Qb6 23. Nf3 Kd5 24. Nf6+ Kc6 25. Bxf5 1-0

[Event "Tatry op"]
[Site "Tatranske Zruby"]
[Date "2006.09.28"]
[Round "7"]
[White "Kracik, Dobroslav"]
[Black "Koval, Daniel"]
[Result "1/2-1/2"]
[WhiteElo "2025"]
[BlackElo "2173"]
[PlyCount "41"]
[EventDate "2006.09.23"]
[EventType "swiss"]
[EventRounds "9"]
[EventCountry "SVK"]
[SourceTitle "CBM 114 Extra"]
[Source "ChessBase"]
[SourceDate "2006.11.03"]
[SourceVersion "1"]
[SourceVersionDate "2006.11.03"]
[SourceQuality "1"]

1. e4 e6 2. d4 d5 3. exd5 exd5 4. c4 c6 5. Nc3 Nf6 6. Nf3 Be7 7. Bd3 0-0 8. 0-0 Bg4 9. Be3 Nbd7 10. h3 Bh5 11. g4 dxc4 12. Bxc4 Nb6 13. Bd3 Bg6 14. Bxg6 hxg6 15. Ne5 Nfd5 16. Qd3 Bf6 17. Rad1 Nxe3 18. Qxe3 Nd5 19. Qe4 Re8 20. f4 Nxc3 21. bxc3 1/2-1/2